Ricerche sulla sessualità

Saved in:
書目詳細資料
企業作者: Archivio del Surrealismo
格式: Conference Proceeding 圖書
語言:英语
標簽: 添加標簽
沒有標簽, 成為第一個標記此記錄!

MARC

LEADER 00000nam a2200000 4500
001 CDOM0000003753
003 mi
005 20250719172242.0
008 250719b |||||||| |||| 00| 0 eng d
040 |c mi 
245 1 |a Ricerche sulla sessualità 
711 |a Archivio del Surrealismo 
942 |2 ddc  |c BK 
952 |0 0  |1 0  |2 ddc  |4 0  |7 0  |9 8914  |a MI  |b MI  |d 2009-08-26  |i 5466  |l 0  |p CDOM5466  |r 2025-07-17 21:50:00  |w 2025-07-17  |x DONO  |y BK 
999 |c 7413  |d 7413